000 00318nam a2200133 i 4500
001 bg
100 1 _aPIZOŃ, A.
245 0 _aElektrohydrauliczne urządzenia automatyki /
_cA. Pizoń. Cz.2.
260 _aKraków,
_c1992.
040 _cBPK
041 _apol
942 _cKS
008 s pl f |000 0 pol
999 _c5583
_d5583
856 _uhttp://koha.tu.koszalin.pl/cgi-bin/koha/opac-detail.pl?biblionumber=5583
_yKatalog online BPK